|
|
|
|
| LEADER |
01695nam a2200481 a 4500 |
| 001 |
nkc20142639221 |
| 003 |
CZ PrNK |
| 005 |
20141219152341.0 |
| 007 |
ta |
| 008 |
141120s2014 xr a e f 000 0 cze |
| 015 |
|
|
|a cnb002639221
|
| 020 |
|
|
|a 978-80-264-0564-1
|q (brož.)
|
| 035 |
|
|
|a (OCoLC)900137335
|
| 040 |
|
|
|a OLA001
|b cze
|d ABA001
|
| 041 |
1 |
|
|a cze
|h eng
|
| 072 |
|
7 |
|a 613
|x Hygiena. Lidské zdraví
|2 Konspekt
|9 14
|
| 080 |
|
|
|a 616-092.11
|2 MRF
|
| 080 |
|
|
|a 613
|2 MRF
|
| 080 |
|
|
|a 616-084
|2 MRF
|
| 080 |
|
|
|a (0.062)
|2 MRF
|
| 100 |
1 |
|
|a Agus, David,
|d 1965-
|7 jo2012735493
|4 aut
|
| 245 |
1 |
0 |
|a Krátký průvodce pro dlouhý život :
|b [jak si dlouhodobě a snadno udržovat pevné zdraví] /
|c David B. Agus ; [překlad Eva Kadlecová]
|
| 246 |
3 |
0 |
|a Jak si dlouhodobě a snadno udržovat pevné zdraví
|
| 250 |
|
|
|a 1. vyd.
|
| 260 |
|
|
|a Brno :
|b CPress,
|c 2014
|
| 300 |
|
|
|a 176 s. :
|b il. ;
|c 18 cm
|
| 500 |
|
|
|a Přeloženo z angličtiny
|
| 504 |
|
|
|a Obsahuje bibliografické odkazy
|
| 650 |
0 |
7 |
|a zdraví a nemoc
|7 ph158519
|2 czenas
|
| 650 |
0 |
7 |
|a zdravý životní styl
|7 ph127592
|2 czenas
|
| 650 |
0 |
7 |
|a prevence onemocnění
|7 ph137258
|2 czenas
|
| 650 |
0 |
9 |
|a health and disease
|2 eczenas
|
| 650 |
0 |
9 |
|a healthy lifestyle
|2 eczenas
|
| 650 |
0 |
9 |
|a prevention of diseases
|2 eczenas
|
| 655 |
|
7 |
|a populárně-naučné publikace
|7 fd131864
|2 czenas
|
| 655 |
|
9 |
|a popular works
|2 eczenas
|
| 765 |
0 |
|
|t Short guide to a long life
|9 Česky
|
| 910 |
2 |
|
|a BOA001
|b 1-1337.415
|
| 928 |
9 |
|
|a Albatros Media - CPress
|
| 990 |
|
|
|a BK
|
| 995 |
|
|
|a 01
|
| 991 |
|
|
|b 201412
|c NOV
|e n
|
| 996 |
6 |
|
|b 2610613488
|c 1-1337.415
|l MZK
|r Sklad / do 1 hodiny
|n 0
|p p.v.
|w 001474637
|u 000010
|a 1
|e BOA001
|j MZK50
|s P
|